The key to everything. (Record no. 12612)

000 -LEADER
fixed length control field 00518nam a2200181 a 4500
001 - CONTROL NUMBER
control field :::00010420$&:&@@
003 - CONTROL NUMBER IDENTIFIER
control field OkBaRHE
005 - DATE AND TIME OF LATEST TRANSACTION
control field 20000607103358.0
008 - FIXED-LENGTH DATA ELEMENTS--GENERAL INFORMATION
fixed length control field j 000 0 eng u
040 ## - CATALOGING SOURCE
Transcribing agency
100 1# - MAIN ENTRY--PERSONAL NAME
Personal name Grubb, Norman.
245 14 - TITLE STATEMENT
Title The key to everything.
260 ## - PUBLICATION, DISTRIBUTION, ETC. (IMPRINT)
Place of publication, distribution, etc Chicago, IL., :
Name of publisher, distributor, etc Moody Press
Date of publication, distribution, etc nd
300 ## - PHYSICAL DESCRIPTION
Extent 61 p. ;
Dimensions 13 cm.
650 ## - SUBJECT ADDED ENTRY--TOPICAL TERM
Topical term or geographic name as entry element Christian Life
942 ## - ADDED ENTRY ELEMENTS (KOHA)
Source of classification or shelving scheme
Koha item type Books
Copies
Copy number Koha item type Permanent Location Shelving location Date acquired Damaged status Price effective from Date last seen Full call number Not for loan Source of classification or shelving scheme Lost status Barcode Withdrawn status
1BooksRHEMA Bible Training CollegeGeneral Stacks2010-04-14 2010-04-142010-04-14BV 4501 .G7K4   10420